Cálculo de muros de retención con ordenadores

Bewaard in:
Bibliografische gegevens
Hoofdauteur: Morales Torres, Javier
Formaat: Boek
Gepubliceerd in: San José, Costa Rica 1991
Onderwerpen:
Tags: Voeg label toe
Geen labels, Wees de eerste die dit record labelt!

MARC

LEADER 00000nam a2200000Ia 4500
003 005081
005 20221231144330.0
008 140114s1991 cr a m 000 ||s d
040 |c cru CEDI 
090 |a TFG 2413 
100 |a Morales Torres, Javier  |9 12897 
245 |a Cálculo de muros de retención con ordenadores 
260 |c 1991  |a San José, Costa Rica 
300 |a  [103] hojas : ilustraciones ; 28 cm.  
500 |a  Proyecto de graduación (licenciatura en ingeniería civil)--Universidad de Costa Rica. Facultad de Ingeniería. Escuela de Ingeniería Civil 
650 |x MUROS DE CONTENCION   |x  DISEÑO Y CONSTRUCCION   |x  PROGRAMAS PARA COMPUTADORA  |9 12898 
942 |c TFG 
999 |c 20296  |d 20296